La propiedad de aguas perennes en el sureste iberico

Na minha lista:
Detalhes bibliográficos
Autor principal: Gil Olcina, Antonio
Formato: Recurso Eletrônico livro eletrônico
Idioma:espanhol
Publicado em: Alicante : Universidad de Alicante, 1993.
coleção:Digitalia eBook Collection: Univ. de Alicante
Assuntos:
Acesso em linha:Digitalia Hispánica
Tags: Adicionar Tag
Sem tags, seja o primeiro a adicionar uma tag!

MARC

LEADER 00000nam a2200000Ia 4500
001 DIGUAL0244
003 NyNyDIG
006 m d
007 cr |||||||||||
008 140501s1993 sp ob 000 0 spa d
020 |z 9788479080891 (pbk.) 
020 |z 8479080892 (pbk.) 
040 |a DGITA  |b eng  |e pn  |c DGITA 
043 |a e-sp--- 
050 4 |a P95.82.S7 ebook 
100 1 |a Gil Olcina, Antonio. 
245 1 3 |a La propiedad de aguas perennes en el sureste iberico   |h [electronic resource] /  |c Antonio Gil Olcina. 
260 |a Alicante :  |b Universidad de Alicante,  |c 1993.   |e (New York, NY. :  |f Digitalia Inc,   |g 2012). 
300 |a 1 online resource (191 p.) 
504 |a Includes bibliographical references (p. 185-191). 
506 |a Access restricted to subscribing institutions. 
650 0 |a Water rights  |z Spain, Southern. 
655 0 |a Electronic books. 
791 2 |a Digitalia (Firm),  |e distributor. 
830 0 |a Digitalia eBook Collection: Univ. de Alicante 
856 4 0 |3 Digitalia Hispánica  |u https://digitalia.unach.elogim.com/a/777/